<?xml version="1.0" encoding="UTF-8"?>
<record
    xmlns:xsi="http://www.w3.org/2001/XMLSchema-instance"
    xsi:schemaLocation="http://www.loc.gov/MARC21/slim http://www.loc.gov/standards/marcxml/schema/MARC21slim.xsd"
    xmlns="http://www.loc.gov/MARC21/slim">

  <leader>01180nam a22002777a 4500</leader>
  <controlfield tag="001">8222</controlfield>
  <controlfield tag="003">FISKH</controlfield>
  <controlfield tag="005">20250903105321.0</controlfield>
  <controlfield tag="008">250903b        cb ||||| |||| 00| 0 eng d</controlfield>
  <datafield tag="020" ind1=" " ind2=" ">
    <subfield code="a">9789995002152</subfield>
  </datafield>
  <datafield tag="040" ind1=" " ind2=" ">
    <subfield code="a">FISKH</subfield>
    <subfield code="b">khmr</subfield>
    <subfield code="c">FISKH</subfield>
    <subfield code="d">FISKH</subfield>
  </datafield>
  <datafield tag="050" ind1=" " ind2=" ">
    <subfield code="a">PZ7 </subfield>
  </datafield>
  <datafield tag="082" ind1=" " ind2=" ">
    <subfield code="a">495.911</subfield>
  </datafield>
  <datafield tag="100" ind1=" " ind2=" ">
    <subfield code="a">Syda, Yin </subfield>
  </datafield>
  <datafield tag="245" ind1=" " ind2=" ">
    <subfield code="a">&#x1797;&#x17B6;&#x179F;&#x17B6;&#x1781;&#x17D2;&#x1798;&#x17C2;&#x179A; &#x1790;&#x17D2;&#x1793;&#x17B6;&#x1780;&#x17CB;&#x1791;&#x17B8; &#x17E3; : </subfield>
    <subfield code="b">&#x17A2;&#x17B6;&#x1793;-&#x179F;&#x179A;&#x179F;&#x17C1;&#x179A; / </subfield>
  </datafield>
  <datafield tag="260" ind1=" " ind2=" ">
    <subfield code="a">Phnom Penh : </subfield>
    <subfield code="b">Mistry of Youth and Sport, </subfield>
    <subfield code="c">2019.</subfield>
  </datafield>
  <datafield tag="300" ind1=" " ind2=" ">
    <subfield code="a">226 pages : </subfield>
    <subfield code="b">color illustrations ; </subfield>
    <subfield code="c">26 cm </subfield>
  </datafield>
  <datafield tag="505" ind1=" " ind2=" ">
    <subfield code="a">O
</subfield>
  </datafield>
  <datafield tag="520" ind1=" " ind2=" ">
    <subfield code="a">&#x179F;&#x17C0;&#x179C;&#x1797;&#x17C5;&#x1793;&#x17C1;&#x17C7;&#x1794;&#x17C4;&#x17C7;&#x1796;&#x17BB;&#x1798;&#x17D2;&#x1796;&#x17A1;&#x17BE;&#x1784;&#x1780;&#x17D2;&#x1793;&#x17BB;&#x1784;&#x1782;&#x17C4;&#x179B;&#x1794;&#x17C6;&#x178E;&#x1784; &#x17A2;&#x1797;&#x17B7;&#x179C;&#x178C;&#x17D2;&#x178D;&#x179F;&#x1798;&#x178F;&#x17D2;&#x1790;&#x1797;&#x17B6;&#x1796;&#x17A2;&#x17B6;&#x1793; &#x1793;&#x17B7;&#x1784;&#x179F;&#x179A;&#x179F;&#x17C1;&#x179A;&#x179A;&#x1794;&#x179F;&#x17CB;&#x179F;&#x17B7;&#x179F;&#x17D2;&#x179F; &#x1794;&#x1784;&#x17D2;&#x179A;&#x17C0;&#x1793;&#x1796;&#x17B6;&#x1780;&#x17D2;&#x1799;&#x1790;&#x17D2;&#x1798;&#x17B8; &#x1793;&#x17B7;&#x1784;&#x179C;&#x1785;&#x1793;&#x17B6;&#x1792;&#x17B7;&#x1794;&#x17D2;&#x1794;&#x17B6;&#x1799;&#x1781;&#x17D2;&#x1798;&#x17C2;&#x179A; &#x1794;&#x1784;&#x17D2;&#x1780;&#x17BE;&#x178F;&#x1787;&#x17C6;&#x1793;&#x17B6;&#x1789;&#x179C;&#x17C1;&#x1799;&#x17D2;&#x1799;&#x17B6;&#x1780;&#x179A;&#x178E;&#x17CD; &#x1793;&#x17B7;&#x1784;&#x17A2;&#x1780;&#x17D2;&#x1781;&#x179A;&#x1780;&#x17D2;&#x179A;&#x1798;&#x1781;&#x17D2;&#x1798;&#x17C2;&#x179A;</subfield>
  </datafield>
  <datafield tag="521" ind1="8" ind2=" ">
    <subfield code="a">600
</subfield>
    <subfield code="b">Lexile estimate
</subfield>
  </datafield>
  <datafield tag="521" ind1="8" ind2=" ">
    <subfield code="a">O
</subfield>
  </datafield>
  <datafield tag="650" ind1=" " ind2=" ">
    <subfield code="a">&#x1797;&#x17B6;&#x179F;&#x17B6;&#x1781;&#x17D2;&#x1798;&#x17C2;&#x179A;</subfield>
  </datafield>
  <datafield tag="650" ind1=" " ind2=" ">
    <subfield code="a">Khmer </subfield>
  </datafield>
  <datafield tag="942" ind1=" " ind2=" ">
    <subfield code="2">ddc</subfield>
    <subfield code="c">KHB</subfield>
    <subfield code="n">0</subfield>
  </datafield>
  <datafield tag="999" ind1=" " ind2=" ">
    <subfield code="c">8222</subfield>
    <subfield code="d">8222</subfield>
  </datafield>
  <datafield tag="952" ind1=" " ind2=" ">
    <subfield code="0">0</subfield>
    <subfield code="1">0</subfield>
    <subfield code="2">ddc</subfield>
    <subfield code="4">0</subfield>
    <subfield code="7">0</subfield>
    <subfield code="8">KH</subfield>
    <subfield code="a">001</subfield>
    <subfield code="b">001</subfield>
    <subfield code="c">OKHR</subfield>
    <subfield code="d">2025-09-03</subfield>
    <subfield code="l">0</subfield>
    <subfield code="o">SYD 495.911 PZ7 </subfield>
    <subfield code="p">2025-4365</subfield>
    <subfield code="r">2025-09-03 10:53:19</subfield>
    <subfield code="t">1</subfield>
    <subfield code="w">2025-09-03</subfield>
    <subfield code="y">KHB</subfield>
  </datafield>
</record>
